00578 2200193 4500001002100000005001500021035002000036007000300056008004100059020002200100082000800122084001400130100002100144245011600165250001000281260003400291300004500325650001400370INLIS00000000000025220231115090218 a0010-1123000035ta231115 g 0 ind  a978-602-344-253-9 a633 a633 HAR m0 aHaris Syahbuddin1 aModel Diseminasi dan Pola Adopsi Teknologi Dalam Perspektif Pembangunan Pertanian Perdesaan /cHaris Syahbuddin aEd. 1 aJakarta :bIAARD Press,c2018 axiii, 422 hlm, :bilus, ;c15 cm x 23 cm 4aPertanian